| 000 | 00439cam a2200157ua 4500 | ||
|---|---|---|---|
| 041 |
_aeng _h |
||
| 082 |
_a823.308 _bGAS/CR |
||
| 100 | _aGaskell, Elizabeth Cleghorn. | ||
| 245 |
_aCranford the crate at cranford, the Moorland cottage / _cElizabeth C Gaskell. _hTextual Documents |
||
| 250 |
_a1 / _b. |
||
| 260 |
_aLondon : _bOxford University Press , _c1960. |
||
| 300 | _a411 ; . | ||
| 504 | _a | ||
| 942 | _cBK | ||
| 999 |
_c12761 _d12761 |
||